| 000 | 00523nam a2200181Ia 4500 | ||
|---|---|---|---|
| 999 |
_c36601 _d36601 |
||
| 003 | OSt | ||
| 005 | 20200915110745.0 | ||
| 008 | 190216s9999||||xx |||||||||||||| ||und|| | ||
| 020 | _a0879500018 | ||
| 040 | _coclc | ||
| 082 |
_a492.7 _bWEH/A |
||
| 100 |
_aWehr, Hans _94587 |
||
| 245 | 0 |
_aArabic-English Dictionary / _cHans Wehr |
|
| 260 |
_bSpoken Language Services, _c1976. _aNew York: |
||
| 300 | _a1110p | ||
| 650 | _aArabic-English Dictionary | ||
| 942 |
_cREF _2ddc _h492.7 _iWEH/A _k492.7 _mWEH/A |
||